| 000 | 00531nam a22001817a 4500 | ||
|---|---|---|---|
| 003 | OSt | ||
| 005 | 20220704155959.0 | ||
| 008 | 220704b |||||||| |||| 00| 0 eng d | ||
| 020 | _a8175811099 | ||
| 040 | _cDDC | ||
| 050 | _bP324M | ||
| 082 | _bP324M | ||
| 100 | _aPaul, Rajinder | ||
| 245 |
_aMacbeth _bEdited with a critical Introduction, Text with Paraphrase, Notes and Explanations, Questions with Answers _cRajinder Paul |
||
| 260 |
_aNew Delhi _bRama Brothers India Pvt. Ltd. _c2006 |
||
| 300 | _a355p.: | ||
| 942 |
_2ddc _cBK |
||
| 999 |
_c10884 _d10884 |
||